<The> Definitive Business Plan <The> Fast Track to Intelligent Planning for Executives and Entrepreneurs

Gespeichert in:
Bibliographische Detailangaben
1. Verfasser: Stutely, Richard
Format: Buch
Sprache:Englisch
Veröffentlicht: Harlow Pearson/FT Publishing 2012
Ausgabe:3rd Editiona
Schlagworte:
Tags: Tag hinzufügen
Keine Tags, Fügen Sie das erste Tag hinzu!

MARC

LEADER 00000nam a2200000 4500
001 0246893
005 20240313132827.5
020 |a 978-0-273-76114-3 
041 0 |a eng 
044 |a GB 
245 1 0 |a <The> Definitive Business Plan  |b <The> Fast Track to Intelligent Planning for Executives and Entrepreneurs  |c Richard Stutely 
250 |a 3rd Editiona 
264 1 |a Harlow  |b Pearson/FT Publishing  |c 2012 
300 |a 352 s. 
610 2 0 |a podnikanie 
610 2 0 |a plán podnikateľský 
610 2 0 |a start-up 
610 2 0 |a plánovanie podnikové 
610 2 0 |a riadenie podnikové 
610 2 0 |a stratégia podniková 
610 2 0 |a ciele podnikové 
100 1 |a Stutely, Richard